Statistiques concernant Bodybuilders nickname #1

Cliquez ici pour prendre le quiz!

Statistiques générales

  • Ce quiz a été pris 40 fois
  • Le résultat moyen est 4 sur 15

Statistiques - réponses

Surnombodybuilder% Correct
the kingRonnie coleman
97%
SchwarzyArnold Schwarzenegger
74%
Daddy bumChris Bumstead
63%
The quadfatherTom Platz
57%
The shadowDorian Yates
34%
The mutantNick Walker
23%
Neckzilla Rubiel Mosquera
20%
The sultan of SymmetryFlex Wheeler
11%
The predator Kai Greene
11%
bigbadWolfDenis Wolf
6%
The beastRoelly Winklaar
6%
The nigerian LionSamson Dauda
6%
Dark angelAaron Baker
3%
QuadrausaurusBranch Warren
3%
BIG Ramy (real name)Mahmoud Elsbiay
3%

Distribution des résultats

Percentile par nombre de réponses

% des personnes avec chaque résultat

Votre développement - résultats

Vous n’avez pas pris ce quiz